00995cam a22002417a 4500001001000000003000500010005001700015008004100032010001000073011001000083035001100093040000900104100003900113245022600152260004100378300003200419502011200451650003700563650003000600650004100630856006600671856001600737000092092CHAP20220329142835.0040622d2004 mx a r 00110 spa d a88559 a89531 a100082 cCHAP00aCastillo Calipa, Martín Gelacio.14aLos efectos positivos de la política económica orientada al sector agropecuario :bel caso del programa apícola de la alianza para el campo 2001 en el estado de Quintana Roo /c/por Martín Gelacio Castillo Calipa. aChapingo, Méx. :bEl autor,c2004. a88 h. ; :bilus. ; gráfs. aTesis (M.C. en Economía del Desarrollo Rural) -- UACH. División de Ciencias Económico Administrativas14aApiculturaxAspectos economicos.14aApiculturazQuintana Roo.14aPolítica agrícolaxQuintana Roo. 3Finding aiduhttp://10.13.5.2/tesis/100082.pdfzTeclea aquí a1 n0001396